Giáo trình Microsoft Powerpoint 2007

Cuốn sách này nhằm giới thiệu đến các bạn những kiến thức căn bản về máy tính để rèn luyện kỹ năng sử dụng thành thạo hàng ngày trong học tập và làm việc về sau. Sách chia làm 4 bài, bài 1 nói về các chức năng soạn thảo cơ bản, bài 2 n...

Fuld beskrivelse

Đã lưu trong:
Bibliografiske detaljer
Hovedforfatter: Dân Trí
Format: Bog
Sprog:Undetermined
Udgivet: Hà Nội Thông tin và truyền thông 2009
Fag:
Tags: Tilføj Tag
Ingen Tags, Vær først til at tagge denne postø!
Thư viện lưu trữ: Trung tâm Học liệu Trường Đại học Cần Thơ
LEADER 01128nam a2200205Ia 4500
001 CTU_174172
008 210402s9999 xx 000 0 und d
020 |c 9000 
082 |a 005.58 
082 |b D121 
100 |a Dân Trí 
245 0 |a Giáo trình Microsoft Powerpoint 2007 
245 0 |c Dân Trí, Xuân Trường 
260 |a Hà Nội 
260 |b Thông tin và truyền thông 
260 |c 2009 
520 |a Cuốn sách này nhằm giới thiệu đến các bạn những kiến thức căn bản về máy tính để rèn luyện kỹ năng sử dụng thành thạo hàng ngày trong học tập và làm việc về sau. Sách chia làm 4 bài, bài 1 nói về các chức năng soạn thảo cơ bản, bài 2 nói về địng dạng Slide, bài 3 nói về bảng biểu- hình ảnh- âm thanh, bài 4 nói về trình diễn : 
650 |a Presentation graphics software,Trình bày phần mềm đồ họa 
904 |i Giàu,Hải 
980 |a Trung tâm Học liệu Trường Đại học Cần Thơ